00790nam a2200241Ia 4500003000400000005001700004008004100021020002200062040000700084041000800091082002000099100002700119245006200146260004000208300001600248365001300264650002000277650002200297906006200319942001200381999001900393952013600412OSt20230518103111.0210423s2011 xx 000 0 und d a978-81-316-0465-6 cAL aeng a306.01 ZIMW223 aZIMA (Peter V)9107759 aWhat is theory: cultural theory as discourse and dialogue aNew DelhibRawat Publicationsc2011 axii,283bPB b795cINR aCulture9107760 aSociology9107761 acultural ; dialogue ; discourse ; theory ; theory: ; What 2ddccBK c165033d165033 001040708MAENGaSACPGbSACPGd2013-12-02eKnowledge Worldg795.00l0o306.01 ZIMWpPG011531r2022-08-24 00:00:00w2021-04-26yBK